[Event "Lucky op 2nd"]
[Site "Hamburg"]
[Date "1999.10.17"]
[Round "3"]
[White "Huettmann, Jens"]
[Black "Emmerich, Hendrik"]
[Result "1-0"]
[WhiteElo "1692"]
[BlackElo "1069"]
[PlyCount "41"]
[EventDate "1999.10.??"]
[EventType "swiss"]
[EventRounds "9"]
[EventCountry "GER"]
[SourceTitle "EXT 2001"]
[Source "ChessBase"]
[SourceDate "2000.11.22"]
[SourceVersion "1"]
[SourceVersionDate "2000.11.22"]
[SourceQuality "1"]

1. d4 Nf6 2. Nc3 g6 3. e4 d6 4. Be2 Bg7 5. h4 h5 6. Nh3 Bxh3 7. Rxh3 e6 8. Be3 Nc6 9. f3 Qe7 10. Qd2 0-0-0 11. 0-0-0 d5 12. e5 Nd7 13. Bb5 Ncb8 14. Na4 c6 15. Bd3 Nf8 16. Qa5 b6 17. Qc3 f6 18. exf6 Bxf6 19. Bf4 Nfd7 20. Ba6+ Nxa6 21. Qxc6+ 1-0